[Event "Morava-ch U14"]
[Site "Kouty nad Desnou"]
[Date "2012.10.26"]
[Round "5"]
[White "Martirosyan, Ara"]
[Black "Kment, Michal"]
[Result "1/2-1/2"]
[WhiteElo "1348"]
[BlackElo "1568"]
[PlyCount "71"]
[EventDate "2012.10.24"]
[EventType "swiss"]
[EventRounds "9"]
[EventCountry "CZE"]
[SourceTitle "EXT 2015"]
[Source "ChessBase"]
[SourceDate "2014.11.20"]
[SourceVersion "1"]
[SourceVersionDate "2014.11.20"]
[SourceQuality "1"]

1. e4 e5 2. Nf3 Nc6 3. Bb5 Nf6 4. 0-0 a6 5. Bxc6 dxc6 6. Nxe5 Be6 7. d3 Bd6 8. Nf3 Bg4 9. b3 Be5 10. c3 Qd6 11. h3 Bh5 12. Bb2 0-0-0 13. Kh1 Bxf3 14. Qxf3 Qxd3 15. Qxd3 Rxd3 16. f4 Nh5 17. fxe5 Ng3+ 18. Kg1 Nxf1 19. Kxf1 Re3 20. Nd2 Rd8 21. Re1 Rxd2 22. Rxe3 Rxb2 23. Re2 Rxe2 24. Kxe2 Kd7 25. Kf3 Ke6 26. Kf4 h6 27. h4 g6 28. g4 b6 29. c4 c5 30. a3 c6 31. g5 h5 32. a4 b5 33. a5 b4 34. Kf3 Kxe5 35. Ke3 Ke6 36. Kf4 1/2-1/2

[Event "Morava-ch U14"]
[Site "Kouty nad Desnou"]
[Date "2012.10.24"]
[Round "2"]
[White "Kovarik, Matyas"]
[Black "Kment, Michal"]
[Result "1/2-1/2"]
[WhiteElo "1539"]
[BlackElo "1568"]
[PlyCount "85"]
[EventDate "2012.10.24"]
[EventType "swiss"]
[EventRounds "9"]
[EventCountry "CZE"]
[SourceTitle "EXT 2015"]
[Source "ChessBase"]
[SourceDate "2014.11.20"]
[SourceVersion "1"]
[SourceVersionDate "2014.11.20"]
[SourceQuality "1"]

1. e4 e5 2. Nf3 Nc6 3. d4 exd4 4. Nxd4 Bc5 5. Be3 Qf6 6. c3 Nge7 7. Bc4 0-0 8. 0-0 Ng6 9. Ne6 dxe6 10. Bxc5 Rd8 11. Qc2 Na5 12. Be2 Nf4 13. Be3 Nxe2+ 14. Qxe2 e5 15. Nd2 Be6 16. Qb5 b6 17. Nf3 Bc4 18. Qa4 Bxf1 19. Kxf1 Qc6 20. Qc2 f6 21. b3 Rd6 22. Ne1 Rad8 23. f3 Qd7 24. Ke2 c5 25. Rb1 b5 26. Rb2 c4 27. b4 Nc6 28. Bc5 Rd1 29. Be3 Ne7 30. Kf2 f5 31. Ke2 fxe4 32. Qxe4 Ng6 33. Rc2 Nf4+ 34. Kf2 Nd3+ 35. Nxd3 Qxd3 36. Bxa7 Qxe4 37. fxe4 R1d2+ 38. Rxd2 Rxd2+ 39. Kf3 Rxa2 40. Bb8 Kf7 41. Bxe5 g6 42. Bd4 h5 43. h4 1/2-1/2